Southville International School and Colleges
Your cart is empty.
  • Cart
  • Lists
    Public lists Eva Luna New books Lux_list list_1
    Your lists Log in to create your own lists
  • Log in to your account
  • Your cookies
  • Search history
Southville International School and Colleges
  • Advanced search
  • Recent comments
  • Most popular
  • Libraries

Log in to your account

Log in with GOOGLE


If you do not have an external account, but do have a local account, you can still log in:

  1. Home
  2. MARC view: Introduction to nursing management functions :
Normal view MARC view ISBD view

Introduction to nursing management functions : (Record no. 291918)

[ view plain ]
MARC details
000 -LEADER
fixed length control field 00680nam a2200229Ia 4500
008 - FIXED-LENGTH DATA ELEMENTS--GENERAL INFORMATION
fixed length control field 160319s9999 xx 000 0 und d
020 ## - INTERNATIONAL STANDARD BOOK NUMBER
International Standard Book Number 971-513-102-6
050 ## - LIBRARY OF CONGRESS CALL NUMBER
Classification number FIL RT 49
050 ## - LIBRARY OF CONGRESS CALL NUMBER
Item number .C39 1998 c.1
100 ## - MAIN ENTRY--PERSONAL NAME
Personal name Cawaon, Florence C.
245 ## - TITLE STATEMENT
Title Introduction to nursing management functions :
245 ## - TITLE STATEMENT
Remainder of title a handbook for student nurses /
245 ## - TITLE STATEMENT
Statement of responsibility, etc Florence C. Cawaon.
260 ## - PUBLICATION, DISTRIBUTION, ETC. (IMPRINT)
Place of publication, distribution, etc Manila :
260 ## - PUBLICATION, DISTRIBUTION, ETC. (IMPRINT)
Name of publisher, distributor, etc Educational Pub. House,
260 ## - PUBLICATION, DISTRIBUTION, ETC. (IMPRINT)
Date of publication, distribution, etc 1998
300 ## - PHYSICAL DESCRIPTION
Extent 98 pages :
300 ## - PHYSICAL DESCRIPTION
Other physical details illustrations ;
300 ## - PHYSICAL DESCRIPTION
Dimensions 25 cm.
500 ## - GENERAL NOTE
General note Includes bibliographical references.
650 ## - SUBJECT ADDED ENTRY--TOPICAL TERM
Topical term or geographic name as entry element Nursing services -- Administration -- Handbooks, manuals, etc.
Holdings
Withdrawn status Lost status Damaged status Home library Current library Shelving location Date acquired Cost, normal purchase price Total Checkouts Full call number Barcode Date last seen Price effective from Koha item type
      South Mansfield College South Mansfield College Filipiniana Section 03/07/2005 175.00   FIL RT 49 .C39 1998 c.1 SMC00393 03/19/2016 03/19/2016  

Introduction to nursing management functions :

APA

Cawaon F. C., .Introduction to nursing management functions. Manila: .

Chicago

Cawaon Florence C, .Introduction to nursing management functions. Manila: .

Harvard

Cawaon F. C., .Introduction to nursing management functions. Manila: .

MLA

Cawaon Florence C, .Manila: . .

  • Place hold
  • Print
  • Cite
  • Add to your cart (remove)
  • Save record
    BIBTEX Dublin Core MARCXML MARC (non-Unicode/MARC-8) MARC (Unicode/UTF-8) MARC (Unicode/UTF-8, Standard) MODS (XML) RIS
  • More searches
    Search for this title in:
    Other Libraries (WorldCat) Other Databases (Google Scholar) Online Stores (Bookfinder.com) Open Library (openlibrary.org)

Exporting to Dublin Core...

SOUTHVILLE LIBRARY

Southville International School and Colleges Library

1281 Tropical Ave. Cor. Luxembourg St., BF Homes International, Las Pinas City

Tel. No. 8256374 / 252358 Loc. 117/146

Powered by Koha